| 000 | 01440nam0a2200289 4500 | ||
|---|---|---|---|
| 001 | RU\NLR\BIBL_A\011003456 | ||
| 005 | 20260405141241.0 | ||
| 035 | _a(NLR Aleph) 011003456 | ||
| 090 |
_a10979420 _c10979420 |
||
| 100 | _a20160301d1971 |||y0rusy50 ca | ||
| 101 | 0 | _asah | |
| 102 | _aRU | ||
| 105 | _aa z 000 y | ||
| 200 | 1 |
_aЗоология _eорто оскуола 6-7 кылаастарыгар үөрэнэр кинигэ _fБ. Е. Быховскай, Е. В. Козлова, А. С. Мончадскай и др. _gакад. Б. Е. Быховскай ред. |
|
| 205 | _a1-гы тахс. | ||
| 210 |
_aЯкутскай _cСаха сиринээҕи кинигэ изд-вота _d1971 |
||
| 215 |
_a287,[1] с. _cил. _d21 |
||
| 541 | 1 |
_aЗоология _eучебник для 6-7 класса сред. шк. _zrus |
|
| 606 | 1 |
_aЗоология _jУчебники для средней школы _9896359 _3RU\NLR\AUTH\664910 |
|
| 686 | 1 | _aЕ6 я72 | |
| 701 | 1 |
_aБыховский _bБ. Е. _f1908-1974 _gБорис Евсеевич _4070 _4340 |
|
| 701 | 1 |
_4070 _8rus _7ca _aКозлова _bЕ. В. _cд-р биол. наук _f1892-1975 _gЕлизавета Владимировна _3RU\NLR\AUTH\7757353 _940285 |
|
| 701 | 1 |
_aМончадский _bА.С. _f1897-1974 _gАлександр Самойлович _4070 |
|
| 852 |
_aNLR _bОНЛ _jЯкут./3-1658 |
||
| 942 | _cBOOK | ||
| 980 | _aNB | ||